Ο ρόλος της ελληνικής μουσικής παράδοσης στα μουσικά σχολεία και η συμβολή αυτών στη διαμόρφωση της πολιτισμικής ταυτότητας των μαθητών η περίπτωση του μουσικού σχολείου Ρόδου ; λαογραφική και παιδαγωγική προσέγγιση ; διπλωματική εργασία [διδακτορική διατριβή]
Αποθηκεύτηκε σε:
| Κύριος συγγραφέας: | |
|---|---|
| Συγγραφή απο Οργανισμό/Αρχή: | |
| Μορφή: | Thesis Βιβλίο |
| Γλώσσα: | Greek |
| Δημοσίευση: |
2021.
|
| Θέματα: | |
| Ετικέτες: |
Προσθήκη ετικέτας
Δεν υπάρχουν, Καταχωρήστε ετικέτα πρώτοι!
|
MARC
| LEADER | 00000cam a2200000 a 4500 | ||
|---|---|---|---|
| 001 | 1/123618 | ||
| 008 | 211001s2021####gr | ||| |||| ||gre|| | ||
| 040 | |a GR-MyUa |b gre |c GR-MyUa |e AACR2 | ||
| 041 | 0 | |a gre | |
| 082 | 7 | |a 371.42 |2 (23) | |
| 100 | 1 | |a Θεολόγος, Χρήστος Ν. | |
| 245 | 1 | 2 | |a Ο ρόλος της ελληνικής μουσικής παράδοσης στα μουσικά σχολεία και η συμβολή αυτών στη διαμόρφωση της πολιτισμικής ταυτότητας των μαθητών/τριών : |b η περίπτωση του μουσικού σχολείου Ρόδου ; λαογραφική και παιδαγωγική προσέγγιση ; διπλωματική εργασία [διδακτορική διατριβή] / |c Θεολόγος Χρήστος ; επιβλέπων καθηγητής: Κατσαδώρος Γεώργιος. |
| 260 | |c 2021. | ||
| 300 | |a 566 σ. : |b πίν., διαγρ. ; |c 30 εκ. | ||
| 500 | |a Μέλη εξεταστικής επιτροπής: Κατσαδώρος Γεώργιος, Μερακλής Μιχαήλ, Δαλιανούδη Ρενάτα, Βαρβούνης Μανόλης, Κακάμπουρα Ρέα, Μαχά Αθηνά, Κούζας Γεώργιος. | ||
| 502 | |a Διπλωματική εργασία - Πανεπιστήμιο Αιγαίου, Ρόδος 2021. | ||
| 504 | |a Βιβλιογραφία: σ. 349-364. | ||
| 506 | 1 | |a Πλήρες κείμενο - Ενδοπανεπιστημιακή δημοσίευση - Κλειδωμένη η δυνατότητας αντιγραφής του κειμένου. | |
| 650 | 0 | |a Folklore |z Greece. | |
| 650 | 0 | |a Folk songs |z Greece. | |
| 650 | 0 | |a Folk music |z Greece. | |
| 650 | 0 | |a Music in education. | |
| 650 | 0 | |a Music |x Instruction and study. | |
| 651 | 0 | |a Rhodes (Greece : Island) | |
| 700 | 1 | |a Κατσαδώρος, Γεώργιος Κ. |e dgs | |
| 710 | 2 | |a Πανεπιστήμιο Αιγαίου |b Σχολή Ανθρωπιστικών Επιστημών |b Παιδαγωγικό Τμήμα Δημοτικής Εκπαίδευσης . | |
| 852 | |a INST |b RHODES |c DIATR |e 20211001 |h 372.87 ΘΕΟ |p 005400042293 |q 005400042293 |t PHD |y 23 | ||
| 924 | |a Θεολόγος |b Χρήστος Ν. |y Ρόδος |z 2021-09 | ||
| 970 | |a Καραγιάννης |b Φίλιππος |z 01-10-2021 | ||